[Event "Chicago op 34th"]
[Site "Chicago"]
[Date "2025.05.23"]
[Round "2"]
[White "Quesada Vera, Liordis"]
[Black "Cordova, Emilio"]
[Result "1/2-1/2"]
[WhiteElo "2302"]
[BlackElo "2513"]
[PlyCount "54"]
[EventDate "2025.05.22"]
[EventType "swiss"]
[EventRounds "9"]
[EventCountry "USA"]
[SourceTitle "CB23_2025"]
[SourceDate "2025.06.04"]
[SourceVersion "1"]
[SourceVersionDate "2025.06.04"]
[SourceQuality "1"]

1. Nf3 b6 2. g3 Bb7 3. Bg2 c5 4. b3 Nf6 5. Bb2 e6 6. 0-0 Be7 7. c4 0-0 8. d4 cxd4 9. Nxd4 Bxg2 10. Kxg2 Qc7 11. Nc3 Qb7+ 12. Nf3 a6 13. Qd3 d6 14. e4 Nbd7 15. Rfe1 Rab8 16. Nd4 Rfd8 17. Rad1 Bf8 18. f4 Ne8 19. Qf3 Rdc8 20. Re2 Nc5 21. Ba3 Qd7 22. Bxc5 Rxc5 23. e5 dxe5 24. Rxe5 Rxe5 25. fxe5 Qb7 26. Qxb7 Rxb7 27. Nf3 Be7 1/2-1/2

[Event "New York Marshall Labor Day-B"]
[Site "New York"]
[Date "2024.08.31"]
[Round "5"]
[White "Quesada Vera, Liordis"]
[Black "Pressman, Leif"]
[Result "1/2-1/2"]
[WhiteElo "2328"]
[BlackElo "2235"]
[PlyCount "116"]
[EventDate "2024.08.29"]
[EventType "tourn"]
[EventRounds "9"]
[EventCountry "USA"]
[SourceTitle "EXT 2025"]
[Source "ChessBase"]
[SourceDate "2024.10.14"]
[SourceVersion "1"]
[SourceVersionDate "2024.10.14"]
[SourceQuality "1"]

1. e4 e5 2. Nc3 Nf6 3. g3 d5 4. exd5 Nxd5 5. Bg2 Nxc3 6. bxc3 Bc5 7. Nf3 Nc6 8. 0-0 0-0 9. Qe2 Re8 10. d3 Bg4 11. Qe4 Qd7 12. Ng5 Bf5 13. Bh3 g6 14. Qh4 h5 15. Ne4 Be7 16. Nf6+ Bxf6 17. Qxf6 Qe6 18. Qxe6 Rxe6 19. Bg2 e4 20. Rb1 exd3 21. Rxb7 Rc8 22. cxd3 Bxd3 23. Bh3 f5 24. Bg2 Ne7 25. Be3 Bxf1 26. Bxf1 Rc6 27. Bd4 a6 28. Ra7 Kf7 29. Bxa6 Rb8 30. Bb7 Rd6 31. Bf3 Rc8 32. Be5 Nc6 33. Rxc7+ Rxc7 34. Bxd6 Rc8 35. Bf4 Ke6 36. a4 Ne5 37. Bb7 Rc7 38. Ba6 Rxc3 39. h4 Ra3 40. Bb5 Nd3 41. Be3 Ra1+ 42. Kh2 Ne5 43. Kg2 Ra3 44. Bb6 Nd7 45. Bd4 Kd6 46. Bg7 Ke7 47. Bb2 Ra2 48. Bc3 Nb6 49. Bb4+ Kf6 50. a5 Nd5 51. Be1 f4 52. Kf3 fxg3 53. fxg3 Ke5 54. Bd3 Ra3 55. Ke2 Ra2+ 56. Kf3 Ra3 57. Ke2 Ra2+ 58. Kf3 Ra3 1/2-1/2

[Event "New York Marshall Labor Day-B"]
[Site "New York"]
[Date "2024.08.29"]
[Round "1"]
[White "Quesada Vera, Liordis"]
[Black "Ansh, M Shah"]
[Result "1/2-1/2"]
[WhiteElo "2328"]
[BlackElo "2250"]
[PlyCount "156"]
[EventDate "2024.08.29"]
[EventType "tourn"]
[EventRounds "9"]
[EventCountry "USA"]
[SourceTitle "EXT 2025"]
[Source "ChessBase"]
[SourceDate "2024.10.14"]
[SourceVersion "1"]
[SourceVersionDate "2024.10.14"]
[SourceQuality "1"]

1. e4 c6 2. d4 d5 3. exd5 cxd5 4. Bd3 Nc6 5. c3 Qc7 6. Na3 a6 7. Nc2 e6 8. Qg4 Nf6 9. Qg3 Qxg3 10. hxg3 Bd6 11. Bg5 Bd7 12. Nf3 h6 13. Bxf6 gxf6 14. Rh5 Kf8 15. 0-0-0 Kg7 16. Rdh1 Ne7 17. Ne3 f5 18. Ng1 a5 19. Ne2 b5 20. f4 b4 21. g4 fxg4 22. Nxg4 bxc3 23. bxc3 Ng6 24. g3 f5 25. Ne3 Rab8 26. Nc2 Bb5 27. Bxb5 Rxb5 28. a4 Rb3 29. R5h3 Nf8 30. Rg1 h5 31. Rgh1 Kg6 32. Kd2 Nd7 33. Nc1 Rb6 34. Re1 Nf6 35. Rxe6 Bxf4+ 36. gxf4 Rxe6 37. Ne3 Ne4+ 38. Kc2 h4 39. Nd3 Rc8 40. Nxd5 Kh5 41. Ne5 Rg8 42. Rh2 Rg3 43. Nc4 Nf6 44. Nxf6+ Rxf6 45. Ne5 h3 46. Kb3 Kh4 47. d5 Rg2 48. Rh1 Kg3 49. c4 h2 50. c5 Kxf4 51. Nc6 Kg3 52. Nd4 Kh3 53. d6 Rg3+ 54. Kc4 Kg2 55. d7 Rg8 56. Rxh2+ Kxh2 57. c6 Rxc6+ 58. Nxc6 f4 59. Ne5 Kg2 60. Kb5 f3 61. Nxf3 Kxf3 62. Kxa5 Rb8 63. Ka6 Ke4 64. Ka7 Rd8 65. Kb6 Rxd7 66. a5 Kd5 67. a6 Rd6+ 68. Kb5 Rd7 69. Kb6 Rd6+ 70. Kb5 Rd8 71. a7 Rh8 72. Kb6 Kd6 73. Kb7 Rh7+ 74. Kb8 Rh8+ 75. Kb7 Rh7+ 76. Kb8 Kc5 77. a8Q Rh8+ 78. Kb7 Rxa8 1/2-1/2

[Event "Sunnyvale 1000 GM Schev 04"]
[Site "Sunnyvale"]
[Date "2023.04.22"]
[Round "3.2"]
[White "Wang, Jeffery"]
[Black "Quesada Vera, Liordis"]
[Result "0-1"]
[WhiteElo "1977"]
[BlackElo "2322"]
[PlyCount "96"]
[EventDate "2023.04.21"]
[EventType "schev"]
[EventRounds "5"]
[EventCountry "USA"]
[SourceTitle "CBM 213 Extra"]
[Source "ChessBase"]
[SourceDate "2023.05.31"]
[SourceVersion "1"]
[SourceVersionDate "2023.05.31"]
[SourceQuality "1"]
[WhiteTeam "Team A"]
[BlackTeam "Team B"]
[WhiteTeamCountry "USA"]
[BlackTeamCountry "USA"]

1. e4 d6 2. d4 Nf6 3. Nc3 e5 4. Nf3 Nbd7 5. Bc4 Be7 6. 0-0 0-0 7. a4 a5 8. h3 Nb6 9. Bb3 Nfd7 10. dxe5 dxe5 11. Be3 c6 12. Nd2 Bc5 13. Qe2 Qe7 14. Nc4 Nxc4 15. Bxc4 Bxe3 16. Qxe3 Nc5 17. Rfd1 Be6 18. Bxe6 Nxe6 19. Ne2 Qb4 20. b3 Rfd8 21. f4 Qc5 22. Qxc5 Nxc5 23. fxe5 Re8 24. Ng3 Rxe5 25. Rd4 Rae8 26. Rad1 g6 27. Rd8 h5 28. h4 Kf8 29. Rxe8+ Kxe8 30. Rd4 Nd7 31. Kf2 Rc5 32. c4 Re5 33. Rd3 Nc5 34. Re3 Ke7 35. Kf3 Kd6 36. Nf1 Re6 37. Nd2 Ke5 38. Kf2 Kd6 39. Kf3 Re7 40. Kf2 Nd7 41. Nf3 Kc5 42. Ke2 Kb4 43. e5 Nc5 44. Nd4 Ka3 45. Kd2 Kb2 46. Ke1 Rxe5 47. Rxe5 Nd3+ 48. Kd2 Nxe5 0-1

[Event "New York Spring IM-C"]
[Site "New York"]
[Date "2023.04.07"]
[Round "4"]
[White "Lee, Justin"]
[Black "Quesada Vera, Liordis"]
[Result "1-0"]
[WhiteElo "2232"]
[BlackElo "2322"]
[PlyCount "193"]
[EventDate "2023.04.05"]
[EventType "tourn"]
[EventRounds "9"]
[EventCountry "USA"]
[SourceTitle "CBM 213 Extra"]
[Source "ChessBase"]
[SourceDate "2023.05.31"]
[SourceVersion "1"]
[SourceVersionDate "2023.05.31"]
[SourceQuality "1"]

1. d4 d6 2. Nf3 Nf6 3. c4 Bg4 4. Qb3 Nc6 5. d5 Bxf3 6. gxf3 Nd4 7. Qd1 e5 8. Bh3 g6 9. Nc3 c5 10. Bg5 Be7 11. e3 Nf5 12. Bxf6 Bxf6 13. Qa4+ Kf8 14. Bxf5 gxf5 15. Qc2 Qd7 16. 0-0-0 a6 17. Ne2 f4 18. h4 b5 19. Nc3 e4 20. Nxe4 Be5 21. Nd2 Rb8 22. Rdg1 Qd8 23. Rg5 Qf6 24. Rhg1 h6 25. R5g4 Rb7 26. Kb1 Rb8 27. b3 Re8 28. Ne4 Qd8 29. exf4 Bd4 30. f5 Ke7 31. Qe2 Kd7 32. cxb5 Qa5 33. bxa6 Rb8 34. Rc1 Qa3 35. Qc2 Rb4 36. Nd2 Re8 37. Re4 Qxa6 38. Rxe8 Kxe8 39. Nc4 Kf8 40. h5 Kg7 41. Rg1+ Kh8 42. Re1 Bf6 43. f4 Kg7 44. f3 Kh7 45. Re4 Rb8 46. Re2 Qb7 47. Ne3 Qb4 48. Ng4 Qd4 49. Nxf6+ Qxf6 50. a3 Qd4 51. Ka2 Qxd5 52. f6+ Kh8 53. Rd2 Qe6 54. Qc3 Ra8 55. f5 Qxf5 56. Rxd6 Qxh5 57. Qd2 Kh7 58. f4 Rg8 59. Qc2+ Kh8 60. a4 Qf3 61. Rd7 Rg2 62. Rd8+ Rg8 63. Rd7 Rg2 64. Rd8+ Rg8 65. Rxg8+ Kxg8 66. Qxc5 Qg2+ 67. Ka3 Qg6 68. a5 Qxf6 69. Qe5 Qc6 70. f5 Kh7 71. b4 h5 72. b5 Qf3+ 73. Kb4 h4 74. a6 h3 75. b6 Qc6 76. b7 Qb6+ 77. Kc3 Qc6+ 78. Kd4 Qa4+ 79. Ke3 Qa3+ 80. Ke4 Qb4+ 81. Kf3 Qb3+ 82. Kg4 Qd1+ 83. Kxh3 Qf3+ 84. Qg3 Qh1+ 85. Kg4 Qe4+ 86. Kg5 Qe7+ 87. Kh5 Qe2+ 88. Kh4 Qe4+ 89. Kg5 Qe7+ 90. Kf4 Qd6+ 91. Kf3 Qd3+ 92. Kg2 Qe2+ 93. Kh3 Qf1+ 94. Kh4 Qh1+ 95. Qh3 Qb1 96. Kg5+ Kg8 97. Qg3 1-0

[Event "New York Spring IM-C"]
[Site "New York"]
[Date "2023.04.06"]
[Round "3"]
[White "Quesada Vera, Liordis"]
[Black "Liu, Eric"]
[Result "1-0"]
[WhiteElo "2322"]
[BlackElo "2299"]
[PlyCount "105"]
[EventDate "2023.04.05"]
[EventType "tourn"]
[EventRounds "9"]
[EventCountry "USA"]
[SourceTitle "CBM 213 Extra"]
[Source "ChessBase"]
[SourceDate "2023.05.31"]
[SourceVersion "1"]
[SourceVersionDate "2023.05.31"]
[SourceQuality "1"]

1. c4 Nf6 2. g3 d6 3. Bg2 Nbd7 4. Nc3 e5 5. e3 c6 6. Nge2 g6 7. d4 Qe7 8. b3 Bg7 9. Ba3 exd4 10. Qxd4 c5 11. Qd2 0-0 12. Rd1 Ne8 13. Nb5 Be5 14. f4 a6 15. Nbc3 Bg7 16. Nd5 Qd8 17. Bb2 Bxb2 18. Qxb2 Ndf6 19. 0-0 Nxd5 20. Bxd5 Qe7 21. e4 Bg4 22. Rd2 Rb8 23. Nc3 Ng7 24. e5 dxe5 25. Re1 Kh8 26. Rxe5 Qc7 27. Bg2 Be6 28. Ne4 b6 29. Nf6 Rbd8 30. Bd5 Bxd5 31. cxd5 Qd6 32. Ne4 Qd7 33. d6 Qc6 34. Re7 c4 35. Qc3 b5 36. d7 Qb6+ 37. Kg2 cxb3 38. axb3 Qb7 39. Kh3 Qb6 40. Kg2 b4 41. Qb2 Qe3 42. Rd6 a5 43. Re5 Qa7 44. Nf6 Qa8+ 45. Kh3 Qf3 46. Re8 Qa8 47. Rxf8+ Rxf8 48. Qe5 h5 49. Qe7 Rd8 50. Ra6 Qb8 51. Qxf7 Qb5 52. Qxg6 Qf1+ 53. Kh4 1-0

[Event "Naperville Bisguier Memorial"]
[Site "Naperville"]
[Date "2023.03.30"]
[Round "?"]
[White "Quesada Vera, Liordis"]
[Black "Colas, Joshua"]
[Result "1-0"]
[WhiteElo "2310"]
[BlackElo "2342"]
[PlyCount "95"]
[EventDate "2023.03.29"]
[EventType "tourn"]
[EventRounds "9"]
[EventCountry "USA"]
[SourceTitle "EXT 2024"]
[Source "ChessBase"]
[SourceDate "2023.10.10"]
[SourceVersion "1"]
[SourceVersionDate "2023.10.10"]
[SourceQuality "1"]

1. e4 c6 2. d4 d5 3. e5 Bf5 4. c4 e6 5. Nc3 dxc4 6. Bxc4 Nd7 7. Nge2 Ne7 8. Ng3 Bg6 9. h4 h6 10. h5 Bh7 11. Nge4 Nd5 12. Qg4 Bf5 13. Qe2 Qb6 14. Be3 Be7 15. Bb3 a5 16. Nxd5 cxd5 17. Nc3 0-0 18. 0-0 Qa6 19. Qf3 Bh7 20. Qg4 Bf5 21. Qf3 Bh7 22. Ba4 Nb8 23. Bb5 Qb6 24. Qe2 Nc6 25. Na4 Qa7 26. Rac1 Rac8 27. a3 Nb8 28. Qd2 Nc6 29. Rc3 Rc7 30. Bxh6 f6 31. Bf4 Rcc8 32. Rfc1 fxe5 33. Bxe5 Rf5 34. Bxc6 bxc6 35. Rxc6 Rxc6 36. Rxc6 Bf8 37. Rc7 Qa8 38. Qc1 Qe8 39. Qc6 Qxh5 40. Qxe6+ Kh8 41. Nc3 Qh4 42. g3 Qh5 43. Qxd5 Qg5 44. Bxg7+ Qxg7 45. Rxg7 Bxg7 46. Qe6 Rf6 47. Qe7 Bg6 48. Nd5 1-0

[Event "Robert Byrne Memorial IM"]
[Site "Naperville"]
[Date "2023.01.19"]
[Round "2"]
[White "Moskow, Eric"]
[Black "Quesada Vera, Liordis"]
[Result "1/2-1/2"]
[WhiteElo "2125"]
[BlackElo "2332"]
[PlyCount "67"]
[EventDate "2023.01.18"]
[EventType "tourn"]
[EventRounds "9"]
[EventCountry "USA"]
[SourceTitle "CBM 212 Extra"]
[Source "ChessBase"]
[SourceDate "2023.03.31"]
[SourceVersion "1"]
[SourceVersionDate "2023.03.31"]
[SourceQuality "1"]

1. c4 c5 2. Nf3 g6 3. Nc3 Bg7 4. g3 Nc6 5. Bg2 d6 6. 0-0 e6 7. a3 Nge7 8. Rb1 b6 9. d3 Bb7 10. Bd2 Qd7 11. b4 Rc8 12. b5 Nd4 13. e3 Nxf3+ 14. Bxf3 d5 15. cxd5 Nxd5 16. Nxd5 Bxd5 17. e4 Ba2 18. Ra1 Bxa1 19. Qxa1 Rg8 20. Qxa2 Qxd3 21. Be3 Qxb5 22. a4 Qc6 23. Qc4 Ke7 24. Kg2 e5 25. Rd1 Rgd8 26. Rd5 f6 27. Bg4 Rxd5 28. exd5 Qb7 29. Bxc8 Qxc8 30. Qh4 Qh8 31. a5 Kd6 32. axb6 axb6 33. Qa4 Kxd5 34. Qd7+ 1/2-1/2

[Event "Naperville Tate Memorial"]
[Site "Naperville"]
[Date "2022.11.19"]
[Round "?"]
[White "Chen, Ryo"]
[Black "Quesada Vera, Liordis"]
[Result "1/2-1/2"]
[WhiteElo "2269"]
[BlackElo "2347"]
[PlyCount "165"]
[EventDate "2022.11.16"]
[EventType "tourn"]
[EventRounds "9"]
[EventCountry "USA"]
[EventCategory "1"]
[SourceTitle "EXT 2024"]
[Source "ChessBase"]
[SourceDate "2023.10.10"]
[SourceVersion "1"]
[SourceVersionDate "2023.10.10"]
[SourceQuality "1"]

1. e4 d6 2. d4 Nf6 3. Nc3 Nbd7 4. Nf3 e5 5. Bc4 Be7 6. 0-0 0-0 7. Re1 c6 8. a4 a5 9. h3 Nb6 10. Ba2 Nfd7 11. Be3 exd4 12. Bxd4 Nc5 13. Bxc5 dxc5 14. Qe2 Qc7 15. e5 Be6 16. Bxe6 fxe6 17. Ne4 Nd5 18. g3 Rf5 19. c4 Nb6 20. Ra3 Raf8 21. Rd1 h6 22. Rad3 Qc8 23. Nd6 Bxd6 24. exd6 Qe8 25. Qe4 Nd7 26. Re3 Qf7 27. Rdd3 e5 28. Rb3 b5 29. axb5 cxb5 30. cxb5 Qe6 31. b6 c4 32. Rb5 Qxd6 33. Qxc4+ Kh8 34. Kg2 Nxb6 35. Qc5 Qd1 36. Qc6 Nc4 37. Qxc4 Rxf3 38. Re2 e4 39. Qxe4 Qd7 40. Rd5 Qf7 41. Rdd2 Qf6 42. Rc2 Qb6 43. Qxf3 Rxf3 44. Kxf3 Qb7+ 45. Ke3 Qe7+ 46. Kd2 Qd7+ 47. Kc3 Qxh3 48. Kb3 Qg4 49. Ka2 Qf5 50. Red2 Qe6+ 51. Ka3 Qe7+ 52. Kb3 Qb7+ 53. Kc4 Kh7 54. Kd4 Qe7 55. Kd3 Qe5 56. Rc3 Qd5+ 57. Ke3 Qh1 58. Ra3 Qe1+ 59. Kd3 Qe5 60. Rc3 Qd5+ 61. Ke2 Qe4+ 62. Re3 Qc4+ 63. Kd1 Qf1+ 64. Kc2 Qc4+ 65. Rc3 Qe4+ 66. Rcd3 Kg6 67. b3 a4 68. bxa4 Qxa4+ 69. Kb2 Qb4+ 70. Kc1 Kf5 71. Kd1 Qc4 72. Ke2 Kg4 73. Ke1 Kh3 74. Kf1 Kh2 75. Ke1 Kg2 76. g4 Qe4+ 77. Kd1 Kf1 78. f3 Qc4 79. Re3 Qa4+ 80. Kc1 Qa1+ 81. Kc2 Qa2+ 82. Kc1 Qa1+ 83. Kc2 1/2-1/2

[Event "Naperville Tate Memorial"]
[Site "Naperville"]
[Date "2022.11.17"]
[Round "?"]
[White "Colas, Joshua"]
[Black "Quesada Vera, Liordis"]
[Result "1-0"]
[WhiteElo "2200"]
[BlackElo "2347"]
[PlyCount "185"]
[EventDate "2022.11.16"]
[EventType "tourn"]
[EventRounds "9"]
[EventCountry "USA"]
[EventCategory "1"]
[SourceTitle "EXT 2024"]
[Source "ChessBase"]
[SourceDate "2023.10.10"]
[SourceVersion "1"]
[SourceVersionDate "2023.10.10"]
[SourceQuality "1"]

1. Nf3 d6 2. g3 Nf6 3. Bg2 e5 4. 0-0 Be7 5. c4 0-0 6. d4 Nbd7 7. Nc3 c6 8. e4 Re8 9. h3 Bf8 10. Be3 exd4 11. Nxd4 Nc5 12. Qc2 a5 13. Rad1 Qc7 14. g4 g6 15. Nde2 Qe7 16. Bxc5 dxc5 17. f4 Rd8 18. Rxd8 Qxd8 19. e5 Ne8 20. Ne4 Qe7 21. N2g3 Bg7 22. Qf2 f6 23. exf6 Nxf6 24. Qxc5 Qxc5+ 25. Nxc5 Nxg4 26. hxg4 Bd4+ 27. Kh1 Bxc5 28. f5 Bd7 29. Ne4 Be7 30. c5 Be8 31. Rd1 a4 32. f6 Bf8 33. Ng5 Bxc5 34. Bf1 b5 35. Bg2 Rc8 36. Rc1 Be3 37. Bd5+ Kh8 38. f7 Bd7 39. Rf1 Rf8 40. Be6 Bxg5 41. Bxd7 b4 42. Bxc6 a3 43. b3 Kg7 44. Be8 Rh8 45. Kg2 Be7 46. Re1 Bf8 47. Kg3 Kf6 48. Kh4 h6 49. Re4 Bd6 50. Re2 Bc5 51. Rc2 Bf8 52. Rc6+ Kg7 53. Re6 Rh7 54. Rc6 Rh8 55. Re6 Kh7 56. Rc6 Be7+ 57. Kh3 Rf8 58. Re6 Bg5 59. Re4 Bd2 60. Re2 Bc3 61. Re6 Kg7 62. Rc6 Bf6 63. Re6 Rh8 64. Rb6 g5 65. Rxb4 h5 66. Rb6 hxg4+ 67. Kg3 Rh6 68. Re6 Kf8 69. b4 Rh3+ 70. Kxg4 Rh4+ 71. Kf5 Rf4+ 72. Kg6 Be7 73. b5 g4 74. Re3 Rf2 75. Rc3 Bd6 76. Rc8 Ke7 77. Bc6 Rf6+ 78. Kg5 Kxf7 79. Kxg4 Rf4+ 80. Kg5 Rb4 81. Re8 Rb2 82. Re1 Kg7 83. Ra1 Be5 84. Kf5 Bd4 85. Ke4 Bf6 86. Rg1+ Kf8 87. Rg3 Rxa2 88. b6 Re2+ 89. Kf5 a2 90. b7 Rb2 91. Ra3 Ke7 92. Rxa2 Rb6 93. Ra8 1-0